Statistics for Karl May Bibliography

Click here to take the quiz!

General Stats

  • This quiz has been taken 2 times
  • The average score is 16 of 72

Answer Stats

TypeYearName% Correct
Travel Book1893Winnetou I
100%
Travel Book1893Winnetou II
100%
Travel Book1893Winnetou III
100%
Travel Book1910Winnetou IV
100%
Travel Book1899Am Jenseits
50%
Short Story Collection1909Ardistan und Dschinnistan I
50%
Short Story Collection1909Ardistan und Dschinnistan II
50%
Novel1882-1884Das Waldröschen
50%
Short Story1894Der Oelprinz
50%
Short Story1891Der Schatz im Silbersee
50%
Travel Book1892Der Schut
50%
Novel1885-1888Deutsche Herzen
50%
Novel1882Die Juweleninsel
50%
Short Story1890Die Sklavenkarawane
50%
Travel Book1892Durch das Land der Skipetaren
50%
Travel Book1892Durchs Wilde Kurdistan
50%
Travel Book1892In den Schluchten des Balkan
50%
Short Story1888 or 1889Kong-Kheou, das Ehrenwort
50%
Travel Book1894Old Surehand I
50%
Travel Book1895Old Surehand II
50%
Travel Book1897Old Surehand III
50%
Travel Book1896Satan und Ischariot I
50%
Travel Book1897Satan und Ischariot II
50%
Travel Book1897Satan und Ischariot III
50%
Novel1904Und Friede auf Erden!
50%
Travel Book1892Von Bagdad nach Stambul
50%
Travel Book1897Weihnacht!
50%
Travel Book1894Am Rio de la Plata
0%
Travel Book1894Am Stillen Ocean
0%
Travel Book1897Auf Fremden Pfaden
0%
Novel1878Auf Hoher See Gefangen
0%
Play1906Babel und Bibel
0%
Article Collection1907Briefe über Kunst
0%
Non-Fiction Book1876Das Buch de Liebe
0%
Short Story1892Das Vermächtnis des Inka
0%
Novel1877Der Beiden Quitzows Letzte Fahrten
0%
Short Story1888Der Geist des Llano Estakata
0%
Letter Collection????Der Gute Kamerad
0%
Short Story1897Der Schwarze Mustang
0%
Short Story1887Der Sohn des Bärenjägers
0%
Novel1884-1886Der Verlorne Sohn oder Der Fürst des Elends
0%
Novel1879Der Waldläufer
0%
Novel1886-1888Der Weg zum Glück
0%
Short Story1875Die Fastnachtsnarren
0%
Novel1883-1885Die Liebe des Ulanen
0%
Short Story1874 or 1875Die Rose von Ernstthal
0%
Lecture1908Drei Menschheitsfragen: Wer sind wir? Woher kommen wir? Wohin gehen wir?
0%
Travel Book1892Durch Wüste and Harem
0%
Lecture1912Empor ins Reich der Edelmenschen
0%
Short Story Collection1903Erzegebirgische Dorfgeschichten
0%
Non-Fiction Book1877Geographische Predigten
0%
Poetry Collection1900Himmelsgedanken
0%
Novel1879Im Fernen Western
0%
Travel Book1896Im Lande des Mahdi I
0%
Travel Book1896Im Lande des Mahdi II
0%
Travel Book1896Im Lande des Mahdi III
0%
Travel Book1898Im Reiche des Silbernen Löwen I
0%
Travel Book1898Im Reiche des Silbernen Löwen II
0%
Travel Book1902Im Reiche des Silbernen Löwen III
0%
Travel Book1904Im Reiche des Silbernen Löwen IV
0%
Travel Book1894In den Cordilleren
0%
Short Story1875Inn-Nu-Woh, der Indianerhäuptling
0%
Poem1872Meine Einstige Grabinschrift
0%
Autobiography1910Mein Leben und Streben
0%
Travel Book1893Orangen und DatteIn
0%
Short Story1883Pandur und Grenadier
0%
Short Story1882Robert Surcouf
0%
Novel1880Scepter und Hammer
0%
Short Story Collection1907Schamah
0%
Short Story1875Schätze und Schatzgräber
0%
Lecture1909Sitara, das Land der Menschheitsseele
0%
Short Story1875Wanda
0%

Score Distribution

Percentile by Number Answered

Percent of People with Each Score

Your Score History

You have not taken this quiz